[Event "Athens Georgiou CC op 5th"]
[Site "Athens"]
[Date "2019.04.20"]
[Round "7"]
[White "Loupos, Vasilios"]
[Black "Vazelakis, Dimitrios"]
[Result "0-1"]
[WhiteElo "1951"]
[BlackElo "1883"]
[PlyCount "92"]
[EventDate "2019.03.02"]
[EventType "swiss"]
[EventRounds "7"]
[EventCountry "GRE"]
[SourceTitle "EXT 2020"]
[Source "ChessBase"]
[SourceDate "2019.10.17"]
[SourceVersion "1"]
[SourceVersionDate "2019.10.17"]
[SourceQuality "1"]

1. d4 g6 2. e4 Bg7 3. Nc3 d6 4. h4 h6 5. Be3 a6 6. a4 b6 7. Bc4 Nf6 8. f3 0-0 9. Qd2 h5 10. Rd1 e6 11. Be2 Nbd7 12. Nh3 Bb7 13. Bg5 Qc8 14. Nf2 Re8 15. Bh6 Bh8 16. g4 e5 17. d5 Nf8 18. Rg1 c6 19. g5 N6h7 20. dxc6 Bxc6 21. Bxf8 Nxf8 22. Nd5 Bxd5 23. exd5 e4 24. Nxe4 Bxb2 25. c4 Bg7 26. Qf4 Be5 27. Nf6+ Kh8 28. Qd2 Qh3 29. Ne4 Qxh4+ 30. Kf1 Qf4 31. Qxf4 Bxf4 32. Rb1 Nd7 33. Rh1 Nc5 34. Nf6 Reb8 35. Bd1 Kg7 36. Bc2 b5 37. cxb5 axb5 38. axb5 Ra5 39. b6 Ra6 40. b7 Rxb7 41. Re1 Rb2 42. Bf5 Be5 43. Nxh5+ gxh5 44. Rxh5 Raa2 45. Rh7+ Kg8 46. Bb1 Rxb1 0-1

[Event "Ambelokipi op 172nd"]
[Site "Athens"]
[Date "2019.03.06"]
[Round "1"]
[White "Megaloudis, Petros"]
[Black "Loupos, Vasilios"]
[Result "0-1"]
[WhiteElo "1360"]
[BlackElo "1951"]
[PlyCount "92"]
[EventDate "2019.03.06"]
[EventType "swiss"]
[EventRounds "7"]
[EventCountry "GRE"]
[SourceTitle "EXT 2020"]
[Source "ChessBase"]
[SourceDate "2019.10.17"]
[SourceVersion "1"]
[SourceVersionDate "2019.10.17"]
[SourceQuality "1"]

1. d4 Nf6 2. c3 b6 3. Bf4 Bb7 4. Nd2 e6 5. Ngf3 c5 6. e3 Be7 7. Bd3 Nh5 8. Qc2 Nxf4 9. exf4 cxd4 10. cxd4 Nc6 11. a3 h6 12. 0-0 Rc8 13. Qa4 a6 14. Rac1 b5 15. Qd1 Qb6 16. Nb3 d6 17. Re1 0-0 18. Bb1 Bf6 19. Qd3 g6 20. h4 Ne7 21. h5 Bd5 22. Nbd2 Qb7 23. g4 Bg7 24. Nh4 f5 25. gxf5 exf5 26. Kh2 Rxc1 27. Rxc1 Kh7 28. Rg1 Bf6 29. Nxg6 Rg8 30. Qh3 Rg7 31. Nxe7 Qxe7 32. Bxf5+ Kh8 33. Rxg7 Bxg7 34. Be4 Qf6 35. Bxd5 Qxf4+ 36. Qg3 Qxd4 37. Nf3 Qxd5 38. Kg2 Qxh5 39. Qxd6 Qg4+ 40. Qg3 Qxg3+ 41. Kxg3 Bxb2 42. Kf4 Bxa3 43. Ke5 Bc5 44. Nd2 Bxf2 45. Ke6 h5 46. Kd5 h4 0-1

[Event "GRE-chT 46th"]
[Site "Rio Achaia"]
[Date "2018.07.12"]
[Round "4.13"]
[White "Loupos, Vasilios"]
[Black "Boviatsis, Charalampos1111"]
[Result "1-0"]
[WhiteElo "1927"]
[BlackElo "1979"]
[PlyCount "119"]
[EventDate "2018.07.10"]
[EventType "team"]
[EventRounds "7"]
[EventCountry "GRE"]
[SourceTitle "CBM 185 Extra"]
[Source "ChessBase"]
[SourceDate "2018.07.29"]
[SourceVersion "1"]
[SourceVersionDate "2018.07.29"]
[SourceQuality "1"]
[WhiteTeam "So Thomas Georgiou"]
[BlackTeam "Panellinios GA"]
[WhiteTeamCountry "GRE"]
[BlackTeamCountry "GRE"]

1. d4 f5 2. Bg5 Nf6 3. Bxf6 exf6 4. g3 d5 5. Bg2 c6 6. c3 Bd6 7. Nh3 Na6 8. e3 Be6 9. Nf4 Bf7 10. Nd2 0-0 11. 0-0 Re8 12. a4 Nc7 13. a5 a6 14. Nd3 Re7 15. Nb3 g5 16. Nbc5 Rb8 17. Bf3 Qe8 18. Kh1 Kh8 19. Re1 Qf8 20. Rg1 Nb5 21. Qf1 h5 22. h4 Qh6 23. Rg2 Rg8 24. Rh2 Be8 25. Rc1 Bb8 26. hxg5 fxg5 27. Ne5 Nd6 28. Kg2 Ne4 29. Nxe4 dxe4 30. Bxh5 Rh7 31. Qh1 Bxe5 32. Bxe8 Qxh2+ 33. Qxh2 Rxh2+ 34. Kxh2 Rxe8 35. dxe5 Rxe5 36. Rd1 Rxa5 37. Rd7 Rb5 38. b4 c5 39. bxc5 Rxc5 40. Rxb7 Rxc3 41. Rb6 Ra3 42. Re6 g4 43. Re5 Ra2 44. Kg2 a5 45. Rxf5 Kh7 46. Rg5 Ra4 47. Rxg4 Rb4 48. Rg5 a4 49. g4 Kh6 50. Ra5 Kg6 51. Ra6+ Kg5 52. Kg3 Rc4 53. Ra5+ Kg6 54. Kf4 Rb4 55. Ra6+ Kg7 56. g5 Kf7 57. Ke5 Kg7 58. Kf5 Rc4 59. Ra7+ Kg8 60. Kg6 1-0

[Event "Ambelokipi op 168th"]
[Site "Athens"]
[Date "2018.04.18"]
[Round "6"]
[White "Poulos, Georgios"]
[Black "Loupos, Vasilios"]
[Result "0-1"]
[WhiteElo "2047"]
[BlackElo "1913"]
[PlyCount "108"]
[EventDate "2018.02.28"]
[EventType "swiss"]
[EventRounds "7"]
[EventCountry "GRE"]
[SourceTitle "EXT 2019"]
[Source "ChessBase"]
[SourceDate "2018.10.10"]
[SourceVersion "1"]
[SourceVersionDate "2018.10.10"]
[SourceQuality "1"]

1. e4 g6 2. d4 Bg7 3. Nc3 d5 4. exd5 Nf6 5. Bc4 Nbd7 6. Qf3 Nb6 7. Bb3 Bg4 8. Qf4 a5 9. a4 0-0 10. Nf3 Bxf3 11. Qxf3 Qd7 12. Bg5 Rfd8 13. Bxf6 Bxf6 14. Rd1 Nc8 15. Ne4 Bg7 16. 0-0 Nd6 17. Nc5 Qf5 18. Qxf5 Nxf5 19. c3 Rab8 20. Rfe1 Kf8 21. Nd3 Rd6 22. g4 Nh4 23. Re3 c6 24. dxc6 bxc6 25. Bc4 e5 26. dxe5 Bxe5 27. Rde1 Bf6 28. Kf1 g5 29. R1e2 h6 30. Rc2 Rbd8 31. Ke2 Ng2 32. Re4 Kg7 33. b4 axb4 34. cxb4 Kf8 35. a5 Bd4 36. f4 Ba7 37. fxg5 hxg5 38. Ne5 Rd1 39. Kf3 Ne1+ 40. Kg3 Nxc2 41. Nxc6 Bb8+ 42. Kf3 Bxh2 43. Nxd8 Rxd8 44. b5 Ra8 45. a6 Bg1 46. Re5 f6 47. Rd5 Ne3 48. Rd4 Nxc4 49. Rxc4 Ke7 50. Ke4 Rb8 51. Ra4 Ba7 52. Rb4 Rb6 53. Kf5 Kf7 54. Rb1 Re6 0-1

[Event "Athens Siaperas Memorial 14th"]
[Site "Athens"]
[Date "2018.02.03"]
[Round "4"]
[White "Loupos, Vasilios"]
[Black "Vazelakis, Dimitrios"]
[Result "1/2-1/2"]
[WhiteElo "1882"]
[BlackElo "1835"]
[PlyCount "40"]
[EventDate "2018.01.13"]
[EventType "swiss"]
[EventRounds "7"]
[EventCountry "GRE"]
[SourceTitle "EXT 2019"]
[Source "ChessBase"]
[SourceDate "2018.10.10"]
[SourceVersion "1"]
[SourceVersionDate "2018.10.10"]
[SourceQuality "1"]

1. Nf3 d5 2. b3 c6 3. Bb2 Bf5 4. Nh4 Bg4 5. h3 Bh5 6. g4 e6 7. Nf3 Bg6 8. Bg2 Nd7 9. d3 Qc7 10. Nbd2 e5 11. Nh4 Bd6 12. Nxg6 hxg6 13. e3 Ne7 14. Nf3 Bb4+ 15. c3 Bd6 16. Qe2 0-0 17. Ng5 a5 18. Rd1 a4 19. b4 a3 20. Ba1 Nb6 1/2-1/2

[Event "Ambelokipi op 167th"]
[Site "Athens"]
[Date "2018.02.01"]
[Round "5"]
[White "Loupos, Vasilios"]
[Black "Kesoglou, Konstantinos"]
[Result "0-1"]
[WhiteElo "1882"]
[BlackElo "2038"]
[PlyCount "102"]
[EventDate "2018.01.10"]
[EventType "swiss"]
[EventRounds "7"]
[EventCountry "GRE"]
[SourceTitle "EXT 2019"]
[Source "ChessBase"]
[SourceDate "2018.10.10"]
[SourceVersion "1"]
[SourceVersionDate "2018.10.10"]
[SourceQuality "1"]

1. d4 d5 2. Nf3 Nf6 3. Bf4 c6 4. Nc3 g6 5. e3 Bg7 6. Be2 h6 7. Ne5 Nbd7 8. h4 Ne4 9. Nxe4 Nxe5 10. dxe5 dxe4 11. Qxd8+ Kxd8 12. 0-0-0+ Ke8 13. Rd4 Be6 14. Rhd1 f5 15. Rb4 b5 16. f3 a6 17. Rbd4 exf3 18. Bxf3 Rc8 19. R4d2 a5 20. a3 Kf7 21. b3 c5 22. Bd5 c4 23. bxc4 bxc4 24. Bxe6+ Kxe6 25. Rd5 a4 26. Ra5 Rc6 27. Rxa4 Bxe5 28. Bxe5 Kxe5 29. Ra5+ Kf6 30. Rd7 c3 31. Rb5 Ra8 32. Rb3 Ra4 33. g3 Rg4 34. Rd3 Rxg3 35. Rdxc3 Re6 36. a4 Rg4 37. a5 Rxh4 38. Ra3 Ra6 39. Rcb3 Re4 40. Rb6+ Re6 41. Rxa6 Rxa6 42. Kb2 g5 43. Kb3 g4 44. Kb4 g3 45. Ra1 h5 46. c4 h4 47. Kb5 Ra8 48. c5 h3 49. Kb6 h2 50. c6 g2 51. c7 h1Q 0-1

[Event "Athens New Year Square op"]
[Site "Athens"]
[Date "2018.01.06"]
[Round "6"]
[White "Loupos, Vasilios"]
[Black "Papadimitriou, Loukas"]
[Result "1-0"]
[WhiteElo "1882"]
[BlackElo "2012"]
[PlyCount "77"]
[EventDate "2018.01.01"]
[EventType "swiss"]
[EventRounds "9"]
[EventCountry "GRE"]
[SourceTitle "CBM 182 Extra"]
[Source "ChessBase"]
[SourceDate "2018.02.23"]
[SourceVersion "1"]
[SourceVersionDate "2018.02.23"]
[SourceQuality "1"]

1. d4 d5 2. Bf4 Nf6 3. e3 c5 4. c3 Nc6 5. Nd2 Qb6 6. Qb3 Bf5 7. Qxb6 axb6 8. Bb5 e6 9. Ngf3 Rc8 10. h3 h6 11. Ne5 Be7 12. g4 Bh7 13. f3 Nd7 14. Nxd7 Bh4+ 15. Kf1 Kxd7 16. Kg2 f6 17. Bh2 Ke7 18. f4 cxd4 19. Bxc6 dxc3 20. Nf3 cxb2 21. Rab1 Rxc6 22. Nxh4 Rc2+ 23. Kg3 Ra8 24. f5 Rxa2 25. Rhe1 Ra3 26. Nf3 exf5 27. gxf5 Rc1 28. Rexc1 bxc1Q 29. Rxc1 Bxf5 30. Nd4 Bd7 31. Kf3 Ra2 32. Bg3 Bxh3 33. Rc7+ Kf8 34. Bd6+ Kg8 35. Kg3 Bf1 36. Ne6 Rg2+ 37. Kf3 Rg6 38. Rc8+ Kf7 39. Nf4 1-0

[Event "Athens New Year Square op"]
[Site "Athens"]
[Date "2018.01.04"]
[Round "4"]
[White "Loupos, Vasilios"]
[Black "Georgiev, Krum"]
[Result "0-1"]
[WhiteElo "1882"]
[BlackElo "2342"]
[PlyCount "48"]
[EventDate "2018.01.01"]
[EventType "swiss"]
[EventRounds "9"]
[EventCountry "GRE"]
[SourceTitle "CBM 182 Extra"]
[Source "ChessBase"]
[SourceDate "2018.02.23"]
[SourceVersion "1"]
[SourceVersionDate "2018.02.23"]
[SourceQuality "1"]

1. d4 Nf6 2. c4 g6 3. Nc3 Bg7 4. e4 d6 5. Nf3 0-0 6. Be2 e5 7. 0-0 Na6 8. Re1 Qe8 9. d5 Nc5 10. Bf1 a5 11. Nb5 Qe7 12. Bg5 h6 13. Bh4 g5 14. Nxg5 hxg5 15. Bxg5 Qd7 16. Bxf6 Bxf6 17. Re3 Qe7 18. Qh5 Bg7 19. Rae1 f5 20. Rh3 Rf6 21. Qh7+ Kf8 22. Nc3 fxe4 23. Rh4 Bf5 24. Qh5 Qf7 0-1

[Event "Athens ChessSquare Autumn op"]
[Site "Athens"]
[Date "2016.09.10"]
[Round "1"]
[White "Kostelidou, Despoina"]
[Black "Loupos, Vasilios"]
[Result "0-1"]
[WhiteElo "1194"]
[BlackElo "1907"]
[PlyCount "58"]
[EventDate "2016.09.10"]
[EventType "swiss"]
[EventRounds "7"]
[EventCountry "GRE"]
[SourceTitle "EXT 2024"]
[Source "ChessBase"]
[SourceDate "2023.10.10"]
[SourceVersion "1"]
[SourceVersionDate "2023.10.10"]
[SourceQuality "1"]

1. d4 Nf6 2. Bf4 d6 3. e3 g6 4. Nf3 Bg7 5. Nc3 0-0 6. Be2 Nbd7 7. 0-0 Re8 8. h3 c5 9. dxc5 Nxc5 10. b4 Nce4 11. Nxe4 Nxe4 12. Rb1 Nc3 13. Qd2 Nxb1 14. Rxb1 h6 15. h4 a5 16. Bb5 Bd7 17. Bxd7 Qxd7 18. bxa5 Qa4 19. Rxb7 Qxa5 20. Qxa5 Rxa5 21. Rc7 e5 22. Bg3 Rxa2 23. Nd2 f5 24. f3 g5 25. hxg5 hxg5 26. f4 exf4 27. exf4 Ra1+ 28. Kf2 Bd4+ 29. Kf3 g4# 0-1

[Event "Athens ChessSquare Spring op"]
[Site "Athens"]
[Date "2016.06.04"]
[Round "5"]
[White "Loupos, Vasilios"]
[Black "Savoglou, Nikolaos"]
[Result "0-1"]
[WhiteElo "1890"]
[BlackElo "1960"]
[PlyCount "102"]
[EventDate "2016.04.23"]
[EventType "swiss"]
[EventRounds "7"]
[EventCountry "GRE"]
[SourceTitle "EXT 2024"]
[Source "ChessBase"]
[SourceDate "2023.10.10"]
[SourceVersion "1"]
[SourceVersionDate "2023.10.10"]
[SourceQuality "1"]

1. d4 Nf6 2. c4 e6 3. Nf3 b6 4. e3 Bb7 5. Bd3 d5 6. 0-0 Bd6 7. cxd5 exd5 8. b4 0-0 9. b5 a6 10. Nc3 a5 11. a4 Qe7 12. Qb3 Nbd7 13. Ba3 Rac8 14. Bf5 Rfe8 15. Ne5 Nxe5 16. Bxd6 Qxd6 17. dxe5 Qxe5 18. Bxc8 Bxc8 19. Ne2 Ng4 20. Ng3 h5 21. h3 h4 22. hxg4 hxg3 23. fxg3 Bxg4 24. Rae1 Be6 25. Qd1 Qxg3 26. Qf3 Qxf3 27. Rxf3 Rc8 28. Rc1 Bd7 29. Rf2 c5 30. bxc6 Rxc6 31. Rxc6 Bxc6 32. Rb2 Bxa4 33. Rxb6 Bc2 34. Rb2 Be4 35. Ra2 Kh7 36. Rxa5 Kg6 37. Ra7 f5 38. Ra6+ Kf7 39. g3 g6 40. Kf2 Kg7 41. Ke2 Kh6 42. Kd2 Kh5 43. Kc3 g5 44. Ra7 Kg4 45. Rg7 Kf3 46. Kd4 g4 47. Ra7 Kxg3 48. Ra1 Kh2 49. Ke5 g3 50. Ra8 g2 51. Rh8+ Kg3 0-1

[Event "Ambelokipi op 159th"]
[Site "Athens"]
[Date "2016.05.18"]
[Round "4"]
[White "Loupos, Vasilios"]
[Black "Georgiopoulos, Haralambos"]
[Result "0-1"]
[WhiteElo "1890"]
[BlackElo "1633"]
[PlyCount "132"]
[EventDate "2016.04.20"]
[EventType "swiss"]
[EventRounds "7"]
[EventCountry "GRE"]
[SourceTitle "EXT 2024"]
[Source "ChessBase"]
[SourceDate "2023.10.10"]
[SourceVersion "1"]
[SourceVersionDate "2023.10.10"]
[SourceQuality "1"]

1. d4 Nf6 2. c4 e6 3. Nf3 b6 4. a3 Bb7 5. Nc3 Ne4 6. Nxe4 Bxe4 7. Nd2 Bb7 8. e4 Be7 9. Bd3 0-0 10. Nf3 f5 11. exf5 exf5 12. h4 a5 13. Kf1 d5 14. h5 Ba6 15. Qb3 Qd6 16. g3 Qe6 17. Ne5 Nc6 18. cxd5 Nxd4 19. dxe6 Nxb3 20. Bxa6 Nxa1 21. Bc4 Nc2 22. Nc6 Rfe8 23. Kg2 Bf6 24. Rd1 a4 25. h6 Na1 26. Rd7 Nb3 27. Bf4 Nc5 28. e7+ Kh8 29. Bf7 Nxd7 30. Bd5 Ra5 31. Bf7 Rxe7 32. Nxe7 Bxe7 33. Be6 Nf8 34. Bf7 Bd6 35. Bd2 gxh6 36. f4 Kg7 37. Be8 Rc5 38. Bxa4 Ne6 39. b4 Rc4 40. Bb3 b5 41. Bxc4 bxc4 42. Bc3+ Kf7 43. a4 Ke8 44. Kh3 Be7 45. b5 Kd7 46. a5 Kc8 47. Be5 Kb7 48. g4 fxg4+ 49. Kxg4 Bd6 50. a6+ Ka8 51. Bc3 Nxf4 52. Bd2 Nd5 53. Kf5 c3 54. Bc1 Bf4 55. Ba3 c2 56. Ke4 c1Q 57. Bxc1 Bxc1 58. Kxd5 h5 59. Kc6 Bf4 60. Kd5 h4 61. Ke4 Bg3 62. Kf3 h5 63. Kg2 Ka7 64. Kh3 Bf2 65. Kg2 Bc5 66. Kh3 Kb6 0-1

[Event "Athens Chess Square op"]
[Site "Athens"]
[Date "2016.05.04"]
[Round "4"]
[White "Loupos, Vasilios"]
[Black "Koutourinis, Apostolos"]
[Result "1-0"]
[WhiteElo "1873"]
[BlackElo "2069"]
[PlyCount "96"]
[EventDate "2016.05.02"]
[EventType "swiss"]
[EventRounds "7"]
[EventCountry "GRE"]
[SourceTitle "CBM 172 Extra"]
[Source "ChessBase"]
[SourceDate "2016.06.21"]
[SourceVersion "1"]
[SourceVersionDate "2016.06.21"]
[SourceQuality "1"]

1. d4 d5 2. c4 dxc4 3. Nf3 Nf6 4. e3 a6 5. Bxc4 b5 6. Bd3 Bb7 7. 0-0 e6 8. Qe2 Nbd7 9. Rd1 Be7 10. e4 0-0 11. a4 b4 12. Nbd2 c5 13. e5 Nd5 14. Ne4 cxd4 15. Neg5 g6 16. Qe4 Kg7 17. Qh4 Rh8 18. Qg4 Nc5 19. h4 h5 20. Qg3 Nxd3 21. Rxd3 Qb6 22. a5 Qc7 23. Nxd4 Qd7 24. Bd2 Rac8 25. Rf3 Rhf8 26. Nxf7 Rxf7 27. Bh6+ Kxh6 28. Rxf7 Qe8 29. Qf3 Ba8 30. Nxe6 Bxh4 31. Nf8 Nf6 32. Qe3+ Bg5 33. f4 Qxf7 34. fxg5+ Kg7 35. gxf6+ Kxf8 36. Qh6+ Ke8 37. Rd1 Qa7+ 38. Kh2 Qf7 39. Qh8+ Qf8 40. Qh7 Qf7 41. Qh8+ Qf8 42. f7+ Kxf7 43. Rf1+ Ke7 44. Rxf8 Rxf8 45. Qg7+ Rf7 46. Qxg6 Rf2 47. Qd6+ Kf7 48. e6+ Kg6 1-0

[Event "Ambelokipi op 159th"]
[Site "Athens"]
[Date "2016.04.20"]
[Round "1"]
[White "Panaidis, Fragkiskos"]
[Black "Loupos, Vasilios"]
[Result "0-1"]
[WhiteElo "1373"]
[BlackElo "1890"]
[PlyCount "76"]
[EventDate "2016.04.20"]
[EventType "swiss"]
[EventRounds "7"]
[EventCountry "GRE"]
[SourceTitle "EXT 2024"]
[Source "ChessBase"]
[SourceDate "2023.10.10"]
[SourceVersion "1"]
[SourceVersionDate "2023.10.10"]
[SourceQuality "1"]

1. d4 Nf6 2. Nf3 d6 3. c4 g6 4. Nc3 Bg7 5. e4 0-0 6. Be2 Nc6 7. d5 Nb8 8. h3 Nbd7 9. Be3 a5 10. 0-0 Nc5 11. Bxc5 dxc5 12. a4 Nd7 13. Rc1 Ne5 14. Nxe5 Bxe5 15. f4 Bd4+ 16. Kh2 f5 17. e5 c6 18. Bf3 Be3 19. g3 Bxc1 20. Qxc1 Bd7 21. e6 Be8 22. Bg2 cxd5 23. cxd5 Qd6 24. b3 Ra6 25. Rd1 Rb6 26. Qc2 Rb4 27. Nb1 c4 28. Nd2 cxb3 29. Qb2 Bxa4 30. Rc1 Bb5 31. Nf3 Rc4 32. Rxc4 Bxc4 33. Ne5 Bxd5 34. Nf7 Rxf7 35. exf7+ Bxf7 36. Bxb7 Bd5 37. Bxd5+ Qxd5 38. Qc3 Qb5 0-1

[Event "Ambelokipi op 157th"]
[Site "Athens"]
[Date "2016.02.24"]
[Round "7"]
[White "Anairousis, Panagiotis"]
[Black "Loupos, Vasilios"]
[Result "0-1"]
[WhiteElo "1895"]
[BlackElo "1920"]
[PlyCount "104"]
[EventDate "2016.01.13"]
[EventType "swiss"]
[EventRounds "7"]
[EventCountry "GRE"]
[SourceTitle "EXT 2024"]
[Source "ChessBase"]
[SourceDate "2023.10.10"]
[SourceVersion "1"]
[SourceVersionDate "2023.10.10"]
[SourceQuality "1"]

1. e4 g6 2. Nc3 d6 3. Bc4 Bg7 4. d3 Nc6 5. a3 Nf6 6. f3 0-0 7. Be3 e6 8. Bb5 d5 9. Bxc6 bxc6 10. Bc5 Re8 11. Nge2 e5 12. Bf2 d4 13. Nb1 a5 14. a4 Qd6 15. b3 Qb4+ 16. Kf1 Bh6 17. Be1 Qf8 18. Bd2 Nd7 19. Qe1 f5 20. Ng3 Bxd2 21. Nxd2 Nc5 22. Kf2 Na6 23. Nc4 Nb4 24. Na3 Ba6 25. Qd2 f4 26. Ne2 Qh6 27. Rag1 Kh8 28. Ke1 Qf8 29. Nc4 Bxc4 30. dxc4 d3 31. cxd3 Rad8 32. Nc1 Rd4 33. Ke2 Red8 34. Rd1 Qe7 35. g3 g5 36. g4 c5 37. Qc3 R8d6 38. h4 gxh4 39. Qe1 Rh6 40. Rh3 Qd8 41. Qc3 Rhd6 42. Rd2 h5 43. gxh5 Qg5 44. Rh2 Qg1 45. Rf2 h3 46. Rd1 h2 47. Qe1 Qxe1+ 48. Rxe1 Nxd3 49. Nxd3 Rxd3 50. Rh1 Rd2+ 51. Kf1 Rxf2+ 52. Kxf2 Rd2+ 0-1

[Event "Athens Siaperas Memorial 12th"]
[Site "Athens"]
[Date "2016.01.23"]
[Round "3"]
[White "Poulos, Georgios"]
[Black "Loupos, Vasilios"]
[Result "1/2-1/2"]
[WhiteElo "1957"]
[BlackElo "1928"]
[PlyCount "59"]
[EventDate "2016.01.09"]
[EventType "swiss"]
[EventRounds "7"]
[EventCountry "GRE"]
[SourceTitle "EXT 2024"]
[Source "ChessBase"]
[SourceDate "2023.10.10"]
[SourceVersion "1"]
[SourceVersionDate "2023.10.10"]
[SourceQuality "1"]

1. e4 g6 2. d4 Bg7 3. Nc3 d6 4. Nf3 h6 5. Be3 e6 6. Qd2 a6 7. Bd3 Nd7 8. 0-0 b6 9. Ne1 Bb7 10. f4 Ngf6 11. f5 exf5 12. exf5 g5 13. Nf3 Ng4 14. Rae1 Kf8 15. Ne4 Ndf6 16. Nxf6 Bxf6 17. h3 Nxe3 18. Qxe3 Kg7 19. c3 Re8 20. Qf2 Qd7 21. Qg3 Bxf3 22. Qxf3 d5 23. Kh1 c6 24. Qg3 c5 25. Qf3 cxd4 26. Rxe8 Rxe8 27. cxd4 b5 28. Bc2 Qd6 29. Rd1 Rd8 30. g3 1/2-1/2

[Event "Ambelokipi op 152th"]
[Site "Athens"]
[Date "2015.03.04"]
[Round "1"]
[White "Loupos, Vasilios"]
[Black "Paraskevas, Georgios"]
[Result "0-1"]
[WhiteElo "2013"]
[BlackElo "1620"]
[PlyCount "92"]
[EventDate "2015.03.04"]
[EventType "swiss"]
[EventRounds "7"]
[EventCountry "GRE"]
[SourceTitle "EXT 2024"]
[Source "ChessBase"]
[SourceDate "2023.10.10"]
[SourceVersion "1"]
[SourceVersionDate "2023.10.10"]
[SourceQuality "1"]

1. d4 d5 2. c4 e6 3. cxd5 exd5 4. Nc3 Nf6 5. Bg5 Be7 6. e3 Bf5 7. Nge2 0-0 8. Ng3 Bg6 9. h4 h6 10. h5 Bh7 11. Bf4 c6 12. Bd3 Bxd3 13. Qxd3 Bd6 14. Bxd6 Qxd6 15. Rh4 Re8 16. 0-0-0 a5 17. Nf5 Qc7 18. Rg1 b5 19. f3 b4 20. Na4 Nbd7 21. Kb1 Nb6 22. Nc5 Nc4 23. g4 Nh7 24. g5 hxg5 25. Rhg4 Qh2 26. R4g2 Qxh5 27. f4 f6 28. Ng3 Qf3 29. Rh2 Nf8 30. fxg5 fxg5 31. Rgh1 Rxe3 32. Qf5 Qxf5+ 33. Nxf5 Rf3 34. Ne7+ Kf7 35. Nxc6 Ne6 36. Nd7 Rf4 37. b3 Na3+ 38. Kb2 Nxd4 39. Nce5+ Ke6 40. Re1 Kd6 41. Rd2 Rc8 42. Red1 Rc2+ 43. Rxc2 Ndxc2 44. Rd2 g4 45. Nc4+ Rxc4 46. Nb6 Rd4 0-1

[Event "Ambelokipi op 151st"]
[Site "Athens"]
[Date "2015.02.18"]
[Round "6"]
[White "Loupos, Vasilios"]
[Black "Gripeos, Kiriakos"]
[Result "1-0"]
[WhiteElo "2034"]
[BlackElo "2023"]
[PlyCount "71"]
[EventDate "2015.01.14"]
[EventType "swiss"]
[EventRounds "7"]
[EventCountry "GRE"]
[SourceTitle "EXT 2016"]
[Source "ChessBase"]
[SourceDate "2015.10.08"]
[SourceVersion "1"]
[SourceVersionDate "2015.10.08"]
[SourceQuality "1"]

1. d4 Nf6 2. c4 g6 3. Nc3 Bg7 4. e4 d6 5. Nge2 a6 6. Ng3 Nbd7 7. Be2 h5 8. 0-0 e5 9. dxe5 dxe5 10. Bg5 c6 11. Qc2 h4 12. Nh1 Nf8 13. Rad1 Qc7 14. c5 Ne6 15. Be3 Nd4 16. Qd2 h3 17. g3 Ng4 18. Bxd4 exd4 19. Na4 Be6 20. Bxg4 Bxg4 21. f3 Be6 22. b3 Rd8 23. Qd3 f5 24. f4 fxe4 25. Qxe4 Kf7 26. f5 gxf5 27. Rde1 Rhe8 28. g4 Bf6 29. Qd3 f4 30. Nf2 Rg8 31. Qh7+ Rg7 32. Qh5+ Rg6 33. Rxe6 d3 34. Qf5 Kg7 35. Nb6 Bd4 36. Rxg6+ 1-0

[Event "Ambelokipi op 150th"]
[Site "Athens"]
[Date "2014.12.05"]
[Round "5"]
[White "Loupos, Vasilios"]
[Black "Sienczewski, Zbigniew"]
[Result "1/2-1/2"]
[WhiteElo "2024"]
[BlackElo "2015"]
[PlyCount "58"]
[EventDate "2014.11.08"]
[EventType "swiss"]
[EventRounds "7"]
[EventCountry "GRE"]
[SourceTitle "EXT 2016"]
[Source "ChessBase"]
[SourceDate "2015.10.08"]
[SourceVersion "1"]
[SourceVersionDate "2015.10.08"]
[SourceQuality "1"]

1. d4 g6 2. e4 d6 3. Nf3 Nf6 4. Nc3 Bg7 5. h3 0-0 6. Be2 a6 7. 0-0 e6 8. Bg5 h6 9. Bh4 g5 10. Bg3 Nc6 11. Re1 b5 12. a3 Bb7 13. Rb1 Ne7 14. Nd2 Ng6 15. Nb3 Rc8 16. Qd2 Qe7 17. Rbd1 Nd7 18. Qe3 Rfe8 19. a4 c6 20. Na5 Ba8 21. Na2 Qd8 22. b4 Qc7 23. c4 e5 24. dxe5 Ndxe5 25. axb5 c5 26. Nc6 Bxc6 27. bxc6 cxb4 28. Nxb4 a5 29. Nd5 Qxc6 1/2-1/2

[Event "Ambelokipi op 147th"]
[Site "Athens"]
[Date "2014.09.20"]
[Round "2"]
[White "Loupos, Vasilios"]
[Black "Arvanitakis, Panagiotis"]
[Result "0-1"]
[WhiteElo "2025"]
[BlackElo "1614"]
[PlyCount "25"]
[EventDate "2014.09.13"]
[EventType "swiss"]
[EventRounds "7"]
[EventCountry "GRE"]
[SourceTitle "EXT 2016"]
[Source "ChessBase"]
[SourceDate "2015.10.08"]
[SourceVersion "1"]
[SourceVersionDate "2015.10.08"]
[SourceQuality "1"]

1. d4 e6 2. c4 d5 3. cxd5 exd5 4. Nc3 Be7 5. Nf3 b6 6. Bf4 Nf6 7. e3 0-0 8. Qa4 c5 9. Be2 a6 10. 0-0 c4 11. Ne5 Qe8 12. Qxe8 Rxe8 13. Bf3 0-1

[Event "Ambelokipi op 145th"]
[Site "Athens"]
[Date "2014.06.07"]
[Round "5"]
[White "Nemtsas, Hristoforos"]
[Black "Loupos, Vasilios"]
[Result "0-1"]
[WhiteElo "1914"]
[BlackElo "2034"]
[PlyCount "96"]
[EventDate "2014.05.10"]
[EventType "swiss"]
[EventRounds "7"]
[EventCountry "GRE"]
[SourceTitle "EXT 2016"]
[Source "ChessBase"]
[SourceDate "2015.10.08"]
[SourceVersion "1"]
[SourceVersionDate "2015.10.08"]
[SourceQuality "1"]

1. d4 d6 2. c4 e5 3. Nf3 e4 4. Ng5 f5 5. g3 Be7 6. Nh3 c6 7. d5 Nf6 8. Nc3 0-0 9. Bg2 Nbd7 10. 0-0 Ne5 11. b3 c5 12. Nf4 Rb8 13. f3 a6 14. fxe4 fxe4 15. Nxe4 Nxe4 16. Bxe4 Bf6 17. Rb1 Qe8 18. Qc2 g6 19. Ne6 Bxe6 20. dxe6 Qe7 21. Bh6 Bg7 22. Bxg7 Kxg7 23. Bd5 Qg5 24. Qc3 b5 25. h4 Qe7 26. Rf4 b4 27. Qb2 g5 28. Rg4 h6 29. Re4 Qf6 30. e3 Rbe8 31. Qe2 Qg6 32. h5 Qf5 33. g4 Qf6 34. Rf1 Qxf1+ 35. Qxf1 Rxf1+ 36. Kxf1 Kf6 37. Ke2 Re7 38. Kd2 a5 39. Kc2 Ra7 40. Kb2 a4 41. bxa4 Rxa4 42. Kb1 Ra3 43. Kb2 Ra7 44. Kb3 Ra3+ 45. Kb2 Rc3 46. Kb1 Ke7 47. Bb7 Nd3 48. a4 b3 0-1